000 00636nam a22002297a 4500
003 UA-OsUOA
001 136887
007 ta
008 20190410b un ||||| |||| 00| 0 ukr d
100 _aКербабаев Б.
090 _a894
_bК36
942 _cBK
040 _aUA-OsUOA
_brus
_cUA-OsUOA
_dUA-OsUOA
245 _aЧудом рожденный
300 _a280 с.
955 _a3
041 _arus
080 _a894
260 _aАшхабад
_bТуркменистан
_c1967
650 7 _a8 Мовознавство. Художня література. Літературознавство
_2UDC
999 _c419879
_d419879